00425nam a2200169Ia 4500003000400000005001700004008004100021020001800062040000700080041000800087082001300095100002200108245005500130260004000185300001700225365001300242OSt20230505120007.0210423s2012 xx 000 0 und d a9788173710353 cAL aeng a530 VENG aVENKATARAMAN (G). aVignettes in physics: Chandrashekar and his limit. aNew DelhibUniversities Pressc2012 aviii,139bPB b195cINR